ბათუმის შოთა რუსთაველის სახელმწიფო უნივერსიტეტის ბიბლიოთეკა

თბილისის ტურისტული ცნობარი = Tbilisi tourist guide = Туристический справочник по Тбилиси / (ბიბ.ჩანაწერი № 34566)

000 -ლიდერი
ფიქსირებული სიგრძის საკონტროლო ველი 00920nam a2200229Ia 4500
001 - საკონტროლო ნომერი
საკონტროლო ველი 327
003 - საკონტროლო ნომრის იდენტიფიკატორი
საკონტროლო ველი GE_BSU
005 - ბოლო ოპერაციის თარიღი და დრო
საკონტროლო ველი 20200122161235.0
008 - ფიქსირებული სიგრძის მონაცემთა ელემენტები - ზოგადი ინფორმაცია
ფიქსირებული სიგრძის საკონტროლო ველი 181216s2006||||ge |||||||||||||| ||geo||
020 ## - წიგნის საერთაშორისო სტანდარტული ნომერი
International Standard Book Number 9994082159
040 ## - კატალოგიზაციის წყარო
Transcribing agency GE_BSU
041 ## - ენის კოდი
Language code of text/sound track or separate title geo
080 ## - უნივერსალური ათობითი კლასიფიკაციის ინდექსი
Universal Decimal Classification number 796.5(479.22-25)(036) თ-38
245 ## - ცნობა სათაურის შესახებ
Title თბილისის ტურისტული ცნობარი = Tbilisi tourist guide = Туристический справочник по Тбилиси /
Statement of responsibility, etc [ფოტოები აკაკი მუშკიაშვილის].
264 ## - წარმოების, გამოცემის, დისტრიბუციის და სხვა ცნობები
გამოცემის, წარმოების, დისტრიბუციის... ადგილი თბილისი :
გამოცემის, წარმოების, დისტრიბუციის... სახელწოდება შემეცნება,
გამოცემის, წარმოების, დისტრიბუციის... თარიღი 2006.
300 ## - ფიზიკური აღწერა
Extent 56 გვ.;
Other physical details 22 სმ.
500 ## - ზოგადი შენიშვნა
General note ქართ., ინგლ. და რუს
653 ## - INDEX TERM--UNCONTROLLED
Uncontrolled term ცნობარი
653 ## - INDEX TERM--UNCONTROLLED
Uncontrolled term თბილისი
700 ## - ADDED ENTRY--PERSONAL NAME
Personal name მუშკიაშვილი, აკაკი
Relator term ფოტო
9 (RLIN) 6322
942 ## - ADDED ENTRY ELEMENTS (KOHA)
Koha item type წიგნი
Source of classification or shelving scheme
ეგზემპლარები
ჩამოწერის სტატუსი დაკარგული ეგზემპლარის სტატუსი კლასიფიკაციის წყარო ან თაროზე გაწყობის სქემა დაზიანების სტატუსი არ გაიცემა მუდმივი მდებარეობა (დაცვის ადგილი) ამჟამინდელი ადგილსამყოფელი თაროზე განთავსების ადგილი შეძენის თარიღი ღირებულება, შესყიდვის ნორმალური ფასი სრული შენახვის შიფრი შტრიხკოდი ბოლო ოპერაციის თარიღი ეგზემპლარის მიმდევრობითი ნომერი (კეტერი?) ფასის ძალაში შესვლის თარიღი ეგზემპლარის სახეობა საჯარო შენიშვნა
          ბათუმის შოთა რუსთაველის სახელმწიფო უნივერსიტეტის მთავარი ბიბლიოთეკა ბათუმის შოთა რუსთაველის სახელმწიფო უნივერსიტეტის მთავარი ბიბლიოთეკა წიგნსაცავი 2018-12-17 20.00 796.5(479.22-25)(036) თ-38 127 2018-12-17 127 2018-12-17 წიგნი 20 ლ.
          ბათუმის შოთა რუსთაველის სახელმწიფო უნივერსიტეტის მთავარი ბიბლიოთეკა ბათუმის შოთა რუსთაველის სახელმწიფო უნივერსიტეტის მთავარი ბიბლიოთეკა წიგნსაცავი 2018-12-17 20.00 796.5(479.22-25)(036) თ-38 128 2018-12-17 128 2018-12-17 წიგნი 20 ლ.